000 00353nam a22001457a 4500
008 230508b ||||| |||| 00| 0 eng d
020 _a9781412978200
041 _aeng
080 _2SECOND EDITION
_a316
082 _a316ALL
100 _a24
101 _aSOCIOLO
245 _aCONTEMPORARY SOCIAL AND SOCIOLOGICAL THEORY
_cALLAN.K
942 _2udc
_cBK
999 _c59670
_d59670